000 01035nam a2200241 i 4500
001 bg
245 0 _aAgrophysical bases of soils and cultivated plants productivity =
_bAgrofizyczne podstawy produktywności gleb i roślin uprawnych.
_nP. 3,
_pOrganic soils = Gleby organiczne /
_cred. zesz. Henryk Okruszko, Jan Gliński, Ewa Sokora.
260 _aLublin :
_bInstytut Agrofizyki,
_c1993.
300 _a159 s. :
_brys., wykr.
490 1 _aZeszyty Problemowe Postępów Nauk Rolniczych / Polska Akademia Nauk. Wydział Nauk Rolniczych,
_x0084-5477 ;
_vz.406
700 1 _aOkruszko, Henryk.
_eRed.
700 1 _aGliński, Jan
_d(1933- ).
_eRed.
700 1 _aSokora, Ewa.
_eRed.
710 _aPolska Akademia Nauk.
_bWydział Nauk Rolniczych
830 0 _aZeszyty Problemowe Postępów Nauk Rolniczych (Polska Akademia Nauk. Wydział Nauk Rolniczych) ;
_vz.406
020 _a8390034786
040 _cBPK
041 _apol
080 _a631.4
920 _a83-900347-8-6
942 _cKS
008 s pl f |000 0 pol
999 _c29953
_d29953
856 _uhttp://koha.tu.koszalin.pl/cgi-bin/koha/opac-detail.pl?biblionumber=29953
_yKatalog online BPK